00715nam a2200217 a 4500003000900000005001700009008004100026040001300067100002500080245019000105250001200295260002600307300001100333650001300344650001300357650001500370650001500385650002700400650002600427700004400453AR-BaBNM20251128203507.0082120s2002 ||||||||||||||000 | spa|| cAR-BaBNM1 aGutiérrez, Magdiel00aGente de la tierrabalgo más que lana han tejido los telares del tiempo : misterios mapuches a la luz de nociones mitológicos comparadas con lejanos pueblos extrañamente similares a1ª ed. aTemucobTelstarc1991 a181 p. 4aRELIGION 4aSOCIEDAD 4aLITERATURA 4aABORIGENES 4aPOBLACIONES ABORIGENES 4aABORIGENES ARGENTINOS1 aDíaz Casanueva, Humbertoeprologuista